Construction project management (Record no. 104518)
[ view plain ]
| 000 -LEADER | |
|---|---|
| fixed length control field | 01245cam a2200265 4500 |
| 001 - CONTROL NUMBER | |
| control field | L130677 |
| 008 - FIXED-LENGTH DATA ELEMENTS--GENERAL INFORMATION | |
| fixed length control field | 050823n2005 000 0 eng u |
| 020 ## - INTERNATIONAL STANDARD BOOK NUMBER | |
| International Standard Book Number | 0415359066 |
| 035 ## - SYSTEM CONTROL NUMBER | |
| System control number | (Sirsi) u130677 |
| 041 0# - LANGUAGE CODE | |
| Language code of text/sound track or separate title | eng |
| 050 04 - LIBRARY OF CONGRESS CALL NUMBER | |
| Classification number | 658.99 $2 18 |
| 100 1# - MAIN ENTRY--PERSONAL NAME | |
| Personal name | Fewings, Peter |
| 245 00 - TITLE STATEMENT | |
| Title | Construction project management |
| Remainder of title | an integrated approach |
| 250 ## - EDITION STATEMENT | |
| Edition statement | 2nd ed. |
| 260 ## - PUBLICATION, DISTRIBUTION, ETC. | |
| Place of publication, distribution, etc. | London |
| Name of publisher, distributor, etc. | Spon Press |
| Date of publication, distribution, etc. | 2005 |
| 300 ## - PHYSICAL DESCRIPTION | |
| Extent | xxii, 403p. |
| Dimensions | 24cm |
| 350 ## - PRICE (NR) (BK AM CF MU VM SE) [OBSOLETE] | |
| Price | 24.99 |
| 520 ## - SUMMARY, ETC. | |
| Summary, etc. | Looks at the role of the project manager in the construction industry. Sets out managerial methods rather than techniques-based methods, illustrates how to evaluate performance and outputs of a construction project and to reach a suitable management strategy. Provides an insight into the client's business case and takes an integrated approach to the management of risk and value. Also provides guidance for managing people and communication across a broad inter-professional team. Appraises existing practice and looks at ways of developing competence in negotiation, in delegation and in teamworking. |
| 590 ## - LOCAL NOTE (RLIN) | |
| Local note | IKA130905 |
| 690 ## - LOCAL SUBJECT ADDED ENTRY--TOPICAL TERM (OCLC, RLIN) | |
| Topical term or geographic name as entry element | Project management |
| 9 (RLIN) | 6261 |
| 700 1# - ADDED ENTRY--PERSONAL NAME | |
| Personal name | Jones, Martyn |
| 700 1# - ADDED ENTRY--PERSONAL NAME | |
| Personal name | Westcott, Tony |
| 942 ## - ADDED ENTRY ELEMENTS (KOHA) | |
| Suppress in OPAC | 0 |
| Withdrawn status | Lost status | Source of classification or shelving scheme | Damaged status | Not for loan | Home library | Current library | Shelving location | Date acquired | Cost, normal purchase price | Total Checkouts | Full call number | Barcode | Date last seen | Date last checked out | Copy number | Cost, replacement price | Price effective from | Koha item type |
|---|---|---|---|---|---|---|---|---|---|---|---|---|---|---|---|---|---|---|
| Dewey Decimal Classification | London | London | Books | 08/09/2005 | 24.99 | 28 | 658.99 FEW | 30071287 | 06/08/2019 | 05/11/2009 | 1 | 24.99 | 06/08/2019 | Book |